000 00407nam a2200169 a 4500
001 0000-8570
003 ELIB.Books
008 110520 1999
035 _a(ELIB.Books)0000-8716
082 _aFic
_bPer
100 _aPeretti, Frank
245 _aThe Visitation
260 _bNashville: Word Publishing
_c1999
650 _aFiction
942 _2ddc
_cBK
998 _cbat
_e2011-05-20
999 _c8570
_d8570